Statistics for Super Rugby 2022

Click here to take the quiz!

General Stats

  • This quiz has been taken 15 times
  • The average score is 11 of 12

Answer Stats

RegionTeam% Correct
AucklandBlues
100%
CanberraBrumbies
100%
FijiDrua
100%
WaikatoChiefs
89%
CanterburyCrusaders
89%
Western AustraliaForce
89%
OtagoHighlanders
89%
WellingtonHurricanes
89%
QueenslandReds
89%
New South WalesWaratahs
89%
MelbourneRebels
78%
Pacific IslandsMoana Pasifika
67%

Score Distribution

Percentile by Number Answered

Percent of People with Each Score

Your Score History

You have not taken this quiz